00761nam a2200193 i 4500001000700000003000900007005001700016007000300033008004100036110006300077245011700140260004000257300002800297610004700325700004000372852001800412999001900430952011800449150831ES-MaACL20230906203723.0t|071114s1986 it ||||1| ita d2 aGalleria degli Uffizi. bGabinetto disegni e stampe.9446310aInventario. pDisegni esposti / cGabinetto disegni e stampe degli Uffizi ; a cura di Annamaria Petrioli Tofani. aFirenze : bLeo S. Olschki, c1986. a2 v. : bil. ; c30 cm.27aGalleria degli Uffizi-vCatálogos.944611 aPetrioli Tofani, Anna Maria.991544 aES-MaACLjP-1 c150831d150831 00104070aATENEOMbATENEOMcDEPO2d2008-01-17eSCl0oP-1p1157387r2023-02-23 00:00:00w2023-02-23yMONOGRAFIA